Občanské stavby - Obchodní stavby

Bibliographic Details
Main Author: Dudek, Oldřich (Author)
Format: Book
Language:Undetermined
PhysicalDescription:181s.
Published: Praha ČVUT 1979

MARC

LEADER 00000nam a2200000 a 4500
001 vtls001277127
003 SK-MaSNL
005 20260302065644.0
008 240313s1979 xx 0 und
035 |a SNK000228390 
040 |a SNK  |b slo  |c SNK  |e AACR2 
100 1 |a Dudek, Oldřich  |4 aut  |9 381002 
245 1 |a Občanské stavby - Obchodní stavby 
260 |a Praha  |b ČVUT  |c 1979 
300 |a 181s. 
958 |a OND 
999 |c 1143124  |d 1145054 
952 |t P60, <04>, [BOOK], {604}  |a SNK  |b SNK  |y VYP  |7 0  |p 17A0040035  |o snkIB 41604 D1  |0 0  |1 1  |4 0  |d 1997-02-22  |l 0  |r 2005-01-02 00:00:00  |w 2026-02-24 
952 |a SNK  |b SNK  |y VYP  |7 0  |p 17A0495497  |o snkIB 41604  |i snkKIP 6180/79  |0 0  |1 0  |4 0  |d 2006-01-26  |l 0  |r 2026-02-24 19:40:36  |w 2026-02-24